01947nam a2200169Ia 4500001001300000003001000013008004100023040002500064041000700089100002200096245008000118250001100198260002900209300001200238500147700250650005001727b6580-47503 IT-MiCISF161014s9999||||xx |||||||||||||| ||und|| aIT-MiCISFcIT-MiCISF ait aFregni Gianfranco 0aL'amore di Dio nella casa degli uominibScritti di spiritualità familiare a1a ed. aBolognabDehonianec2009 app. 269 aa cura di: Campanini G., Deoriti A., Ridolfi P., Dore G., Fughelli A. / spiritualità-coniugale, spiritualità-familiare, bibbia, chiesa-domestica, vocazione, pastorale-familiare / Nel nascere e nell'affermarsi della pastorale familiare in Italia, don Gianfranco Fregni (1934-1999) occupa un posto tutto particolare. Malgrado il suo impegno si sia svolto all'interno della diocesi di Bologna, il suo ministero si è progressivamente irradiato in tutta Italia attraverso una fitta rete di presenze, dalla partecipazione ai convegni ai numerosissimi incontri con coppie di sposi, che gli consentirono di stabilire solidi legami con tutto il movimento italiano di pastorale familiare e con lo stesso episcopato che ripetutamente si avvalse della sua competenza. Questi gli aspetti principali dei contributi presentati nel volume (compresi tra il 1972 e il 1997): la capacità di partire dal testo biblico, per mostrarne la fecondità in ordine alla vita della famiglia cristiana; la riscoperta della famiglia come unità, e dunque come comunità, a partire dalla centralità della casa; il superamento di una visione giuridico-canonica del matrimonio, con il recupero della sua dimensione misterica, e infine l'attenzione alle situazioni di difficoltà relazionale della coppia, in una prospettiva di misericordia assai più che di giudizio, di autentica «prossimità» della comunità cristiana a quanti vivono in situazione, almeno formalmente, «irregolare». a Temi di pastorale / pastorale-familiaree012